[Event "World Blitz 2025"]
[Site "Doha QAT"]
[Date "2025.12.29"]
[Round "4.96"]
[White "Murshed, Niaz"]
[Black "Hakobyan, Aram"]
[Result "0-1"]
[WhiteTitle "GM"]
[BlackTitle "GM"]
[WhiteElo "2341"]
[BlackElo "2613"]
[WhiteFideId "10200010"]
[BlackFideId "13306677"]
[EventDate "2025.12.29"]

1. d4 Nf6 2. c4 e6 3. Nf3 d5 4. Nc3 Bb4 5. Bg5 dxc4 6. Qa4+ Nc6 7. e4 Bd7 8. e5
h6 9. Bh4 Bxc3+ 10. bxc3 Nxe5 11. Qd1 Nxf3+ 12. Qxf3 Bc6 13. Qe3 b5 14. a4 a6
15. Be2 Nd5 16. Bxd8 Nxe3 17. fxe3 Kxd8 18. O-O Ke7 19. Bf3 Bxf3 20. gxf3 c6 21.
e4 Rhb8 22. Kf2 a5 23. Rfc1 g5 24. Ke3 f5 25. exf5 exf5 26. axb5 cxb5 27. d5 Kd6
28. Kd4 a4 29. Rab1 a3 30. Re1 Re8 31. Rxe8 Rxe8 32. Rxb5 Ra8 33. Rb1 a2 34. Ra1
Ra4 35. h3 h5 0-1

[Event "World Blitz 2025"]
[Site "Doha QAT"]
[Date "2025.12.29"]
[Round "4.69"]
[White "Klukin, Kirill"]
[Black "Zemlyanskii, Ivan"]
[Result "1-0"]
[WhiteTitle "IM"]
[BlackTitle "GM"]
[WhiteElo "2414"]
[BlackElo "2592"]
[WhiteFideId "24199273"]
[BlackFideId "24249971"]
[EventDate "2025.12.29"]

1. d4 Nf6 2. c4 g6 3. Nc3 Bg7 4. e4 d6 5. Nf3 O-O 6. Bd3 Bg4 7. Be2 Nfd7 8. Be3
e5 9. d5 a5 10. h3 Bxf3 11. Bxf3 Na6 12. g4 Bf6 13. Qd2 Bh4 14. g5 h6 15. gxh6
Kh7 16. Rg1 Nac5 17. O-O-O Rg8 18. Kb1 f5 19. Bg5 Bxg5 20. Rxg5 Qf6 21. Rdg1
Raf8 22. h4 fxe4 23. Bxe4 Nxe4 24. Nxe4 Qf4 25. Qc2 Qxh4 26. R5g4 Qh5 27. Ng5+
Kh8 28. Ne6 Rf6 29. h7 Qxh7 30. Qc1 g5+ 31. Ka1 Rxf2 32. Rxg5 Rxg5 33. Qxg5 Nf8
34. Qg3 Rf6 35. Ng5 Qh5 36. Qg2 Rh6 37. Qf1 Qe8 38. Nf7+ Kh7 39. Nxh6 Kxh6 40.
Qf6+ Ng6 41. Rh1# 1-0

[Event "World Blitz 2025"]
[Site "Doha QAT"]
[Date "2025.12.29"]
[Round "4.70"]
[White "Idani, Pouya"]
[Black "Begmuratov, Khumoyun"]
[Result "1-0"]
[WhiteTitle "GM"]
[BlackTitle "IM"]
[WhiteElo "2611"]
[BlackElo "2451"]
[WhiteFideId "12510130"]
[BlackFideId "14210207"]
[EventDate "2025.12.29"]

1. e4 e5 2. Nf3 Nc6 3. Bb5 a6 4. Ba4 Nf6 5. O-O d6 6. Bxc6+ bxc6 7. d4 exd4 8.
Nxd4 c5 9. Nc6 Qd7 10. Na5 Be7 11. Qf3 Rb8 12. Nc3 O-O 13. b3 Ng4 14. Bf4 Bf6
15. Rad1 Bxc3 16. Qxc3 Qe6 17. Rfe1 f6 18. Bg3 Bb7 19. h3 Ne5 20. f4 Nc6 21. Qc4
Qxc4 22. Nxc4 Rfe8 23. e5 fxe5 24. fxe5 dxe5 25. Bxe5 Rbc8 26. Rd7 Re7 27. Rxe7
Nxe7 28. Bxg7 Nf5 29. Bc3 Kf7 30. Ne5+ Ke6 31. Nd3+ Kd6 32. Nxc5 Bd5 33. Ne4+
Kc6 34. Nf6 Bf7 35. g4 Nd6 36. Kf2 Bg6 37. Re2 Rf8 38. Ke1 Nb5 39. Bb2 Rd8 40.
c4 Nd6 41. Nd5 Be4 42. Ne7+ Kd7 43. c5 Bf3 44. Re3 Nb5 45. Rxf3 Re8 46. Bf6 1-0

[Event "World Blitz 2025"]
[Site "Doha QAT"]
[Date "2025.12.29"]
[Round "4.71"]
[White "Rakotomaharo, Fy Antenaina"]
[Black "Haug, Havard"]
[Result "1/2-1/2"]
[WhiteTitle "IM"]
[BlackTitle "FM"]
[WhiteElo "2434"]
[BlackElo "2416"]
[WhiteFideId "13100050"]
[BlackFideId "1547887"]
[EventDate "2025.12.29"]

1. d4 Nf6 2. Nf3 d5 3. Bg5 c6 4. e3 Bg4 5. Nbd2 e6 6. c4 Nbd7 7. Qb3 Qb6 8. c5
Qc7 9. Bf4 Qc8 10. h3 Bxf3 11. Nxf3 Be7 12. Bd3 O-O 13. O-O b6 14. cxb6 axb6 15.
Rfc1 c5 16. Bb5 Qb7 17. Ne5 Nxe5 18. Bxe5 Rfc8 19. a4 Ne4 20. f3 Nd6 21. Bf1 c4
22. Qc2 b5 23. axb5 Qxb5 24. e4 dxe4 25. fxe4 Rxa1 26. Rxa1 Qb6 27. Kh1 h6 28.
Rd1 Qb7 29. d5 exd5 30. Rd3 d4 31. Rxd4 Ne8 32. Rd5 Bf6 33. Bxc4 Bxe5 34. b3 Nf6
35. Rxe5 Qc7 36. Qd3 Rd8 37. Rf5 Kh8 38. Qf1 Nxe4 1/2-1/2

[Event "World Blitz 2025"]
[Site "Doha QAT"]
[Date "2025.12.29"]
[Round "4.72"]
[White "Anton Guijarro, David"]
[Black "Gokerkan, Cem Kaan"]
[Result "0-1"]
[WhiteTitle "GM"]
[BlackTitle "GM"]
[WhiteElo "2646"]
[BlackElo "2510"]
[WhiteFideId "2285525"]
[BlackFideId "6336760"]
[EventDate "2025.12.29"]

1. d4 Nf6 2. Nf3 d5 3. e3 e6 4. Bd3 b6 5. O-O Bb7 6. b3 Bd6 7. Bb2 O-O 8. Nbd2
c5 9. dxc5 bxc5 10. c4 Nc6 11. a3 Qe7 12. Qc2 h6 13. Rac1 Rfd8 14. cxd5 exd5 15.
h3 Rac8 16. Rfe1 Ne5 17. Nxe5 Bxe5 18. Bxe5 Qxe5 19. Nf3 Qd6 20. Be2 d4 21. Red1
Qb6 22. Ne5 dxe3 23. Bc4 Bd5 24. fxe3 Qe6 25. Qb2 Re8 26. Ng4 Nxg4 27. hxg4 Bxc4
28. Rxc4 Qxe3+ 29. Kh2 Rb8 30. b4 cxb4 31. axb4 a5 32. Rb1 Qe6 33. Qc3 Rec8 34.
Rxc8+ Rxc8 35. Qd4 axb4 36. Rxb4 Qe7 37. Kh3 Rd8 38. Qe4 Qc5 39. Kh2 Qg5 40. Kh3
g6 41. Rd4 Rb8 42. Rd3 Qc1 43. Kh2 Qc7+ 44. Kh3 Qc1 45. Kh2 Rb1 46. Qe8+ Kg7 47.
Qe5+ Kh7 48. Qe3 Qc7+ 49. Qg3 Qe7 50. Re3 Qg5 51. Re5 Qc1 52. Qf2 Qc7 53. Qg3
Rb7 54. Re3 Qc5 55. Qf3 Rd7 56. Qg3 Qg5 57. Re5 Qd8 58. Re3 Rd4 59. Rf3 Qd7 60.
Rf4 Rxf4 61. Qxf4 Kg8 62. Qxh6 Qxg4 63. Qd2 Qh4+ 64. Kg1 Kg7 65. Qb2+ Qf6 66.
Qd2 Qe5 67. Kh1 g5 68. Qd3 Qe1+ 69. Kh2 Qh4+ 70. Kg1 Qf4 71. Qc3+ Kg6 72. Qc6+
Qf6 73. Qc2+ Qf5 74. Qc6+ Kg7 75. Qc3+ Qf6 76. Qc2 Qd4+ 77. Kh1 f6 78. Qc7+ Kg6
79. Qc2+ Kh6 80. Qc8 Qd1+ 81. Kh2 Qd6+ 82. Kh1 Kg7 83. Qb7+ Kg6 84. Qe4+ 0-1

[Event "World Blitz 2025"]
[Site "Doha QAT"]
[Date "2025.12.29"]
[Round "4.73"]
[White "Cunha, Lucas Aguiar"]
[Black "Lodici, Lorenzo"]
[Result "1-0"]
[WhiteTitle "FM"]
[BlackTitle "GM"]
[WhiteElo "2263"]
[BlackElo "2590"]
[WhiteFideId "2125404"]
[BlackFideId "884189"]
[EventDate "2025.12.29"]

1. e4 e6 2. d4 d5 3. e5 c5 4. c3 Nc6 5. Nf3 Bd7 6. Be2 f6 7. O-O fxe5 8. dxe5
Nh6 9. Bxh6 gxh6 10. Bd3 Bg7 11. Re1 Qc7 12. Qe2 O-O-O 13. Nbd2 Be8 14. Qe3 Qb6
15. Rab1 Bg6 16. Bxg6 hxg6 17. c4 Kb8 18. Rec1 d4 19. Qe4 Qc7 20. Re1 g5 21. a3
Rhf8 22. b4 Rf4 23. Qg6 g4 24. Nh4 Nxe5 25. Qxe6 Nd3 26. Re2 cxb4 27. axb4 Rf6
28. Qxg4 Nf4 29. Re4 Rdf8 30. Rbe1 h5 31. Re8+ Qd8 32. Rxd8+ 1-0

[Event "World Blitz 2025"]
[Site "Doha QAT"]
[Date "2025.12.29"]
[Round "4.74"]
[White "Jumabayev, Rinat"]
[Black "Stribuk, Artiom"]
[Result "0-1"]
[WhiteTitle "GM"]
[BlackTitle "IM"]
[WhiteElo "2560"]
[BlackElo "2476"]
[WhiteFideId "13702661"]
[BlackFideId "13515659"]
[EventDate "2025.12.29"]

1. Nf3 d5 2. g3 g6 3. Bg2 Bg7 4. c4 dxc4 5. Na3 e5 6. O-O Nc6 7. Nxc4 e4 8. Ne1
Nf6 9. d3 O-O 10. Bf4 Be6 11. Rc1 Bd5 12. b3 Re8 13. dxe4 Bxe4 14. Qxd8 Raxd8
15. Nf3 Nd5 16. Bg5 Rd7 17. Rfd1 h6 18. Bd2 Red8 19. Be1 Nc3 20. Rxd7 Nxe2+ 21.
Kf1 Nxc1 22. Rxd8+ Nxd8 23. a4 Nxb3 24. Ncd2 Bd3+ 25. Kg1 Nxd2 26. Nxd2 Kf8 27.
Ne4 b6 28. Nc3 c6 29. Bd2 Ke7 30. h4 Kd7 31. Bh3+ Ne6 32. Bg2 f5 33. Bh3 g5 34.
hxg5 hxg5 35. Nd1 g4 36. Bg2 Nd4 37. Be3 Nf3+ 38. Bxf3 gxf3 39. Bd2 a5 40. Nc3
Bc2 41. Kf1 Bxc3 42. Bxc3 Bxa4 43. Ke1 c5 44. Kd2 Bb3 45. Bf6 Kc6 46. Kc3 a4 0-1

[Event "World Blitz 2025"]
[Site "Doha QAT"]
[Date "2025.12.29"]
[Round "4.75"]
[White "Nikitenko, Mihail"]
[Black "Ansat, Aldiyar"]
[Result "0-1"]
[WhiteTitle "GM"]
[BlackTitle "IM"]
[WhiteElo "2476"]
[BlackElo "2479"]
[WhiteFideId "13506862"]
[BlackFideId "13715658"]
[EventDate "2025.12.29"]

1. e4 c5 2. Be2 Nc6 3. d3 g6 4. f4 Bg7 5. Nf3 Nf6 6. O-O O-O 7. Qe1 d6 8. a4 Bg4
9. Qh4 Bxf3 10. Bxf3 c4 11. dxc4 Nd4 12. Qf2 Nxf3+ 13. Qxf3 Rc8 14. Nd2 Nd7 15.
Kh1 Nb6 16. c3 Nxc4 17. Nxc4 Rxc4 18. a5 a6 19. Be3 Qd7 20. Bb6 Qb5 21. Rf2 Bf6
22. h3 Ra4 23. Rd1 Ra2 24. Rdd2 Ra1+ 25. Kh2 Rc8 26. Rd5 Qc6 27. e5 Bg7 28. Rfd2
Bf8 29. exd6 exd6 30. f5 Re1 31. fxg6 hxg6 32. Rf2 Qe8 33. Bd4 Qe6 34. Rg5 Bg7
35. Bxg7 Kxg7 36. Qf4 Re5 37. Rxe5 dxe5 38. Qe4 Rc6 39. Rd2 Qf6 40. Qd5 Qf4+ 41.
g3 Qe3 42. h4 Rf6 43. Rg2 Rc6 44. Qd7 e4 45. Qxb7 Re6 46. Qd5 Qf3 47. Qd4+ Kg8
48. Rf2 Qd3 49. Qa7 f5 50. Qa8+ Kf7 51. Qb7+ Re7 52. Qb3+ Kg7 53. Qc2 Qd5 54.
Rd2 Qxa5 55. b4 Qe5 56. c4 f4 57. Rd5 fxg3+ 58. Kg2 Qa1 59. Qe2 Rf7 60. Rg5 Rf2+ 0-1

[Event "World Blitz 2025"]
[Site "Doha QAT"]
[Date "2025.12.29"]
[Round "4.76"]
[White "Shogdzhiev, Roman"]
[Black "Materia, Marco"]
[Result "0-1"]
[WhiteTitle "IM"]
[BlackTitle "IM"]
[WhiteElo "2403"]
[BlackElo "2497"]
[WhiteFideId "55653537"]
[BlackFideId "45150451"]
[EventDate "2025.12.29"]

1. h3 e5 2. e4 Nf6 3. Nc3 Bc5 4. Nf3 d6 5. Bc4 h6 6. d3 c6 7. a4 a5 8. O-O O-O
9. Ba2 Re8 10. Re1 Na6 11. Be3 Be6 12. Bxe6 Rxe6 13. d4 Bb4 14. dxe5 dxe5 15.
Qxd8+ Rxd8 16. Nd2 Ne8 17. Nc4 Nc5 18. f3 Ra8 19. Kh2 Nd6 20. Nxd6 Rxd6 21. Red1
Rxd1 22. Nxd1 Rd8 23. Nf2 f6 24. Kg1 Kf7 25. Kf1 Ne6 26. Rd1 Rxd1+ 27. Nxd1 Bc5
28. Ke2 h5 29. Bxc5 Nxc5 30. b3 Ne6 31. h4 Ke7 32. Ne3 b5 33. axb5 cxb5 34. Kd2
Kd7 35. c4 Kc6 36. cxb5+ Kxb5 37. Kc3 g5 38. Nf5 Nf4 39. g4 gxh4 40. gxh5 h3 41.
h6 h2 42. Ng3 Ne2+ 0-1

[Event "World Blitz 2025"]
[Site "Doha QAT"]
[Date "2025.12.29"]
[Round "4.97"]
[White "Suleimen, Ergali"]
[Black "Rodrigue-Lemieux, Shawn"]
[Result "0-1"]
[WhiteTitle "IM"]
[BlackTitle "GM"]
[WhiteElo "2419"]
[BlackElo "2517"]
[WhiteFideId "13724452"]
[BlackFideId "2620049"]
[EventDate "2025.12.29"]

1. e4 c6 2. Nf3 d5 3. Nc3 dxe4 4. Nxe4 Nf6 5. Qe2 Nxe4 6. Qxe4 Be6 7. b3 Nd7 8.
Bb2 Nf6 9. Qb4 Qc7 10. O-O-O Bf5 11. d4 e6 12. Qe1 Bd6 13. Bd3 Bxd3 14. Rxd3 O-O
15. Ne5 Nd5 16. Kb1 a5 17. Qe4 f5 18. Qh4 Be7 19. Qg3 a4 20. Nc4 Qd8 21. Qe5 Qd7
22. Re1 Bf6 23. Qd6 Qf7 24. Ne5 Bxe5 25. Qxe5 axb3 26. axb3 Rfe8 27. c4 Nf6 28.
f3 b5 29. cxb5 cxb5 30. Qxb5 Nd5 31. Rd2 Rab8 32. Qd3 Rb6 33. Rc1 Reb8 34. Rdc2
h6 35. Rc8+ Rxc8 36. Rxc8+ Kh7 37. g4 Qb7 38. Rc2 Nb4 39. Qc3 Nxc2 40. Qxc2 Qxf3
41. gxf5 exf5 42. Ka2 Qd5 43. Bc3 Rc6 44. Kb2 g5 45. Qe2 Re6 46. Qh5 Rb6 47. Kc1
Rxb3 0-1

[Event "World Blitz 2025"]
[Site "Doha QAT"]
[Date "2025.12.29"]
[Round "4.98"]
[White "Volokitin, Andrei"]
[Black "Bai, Adelard"]
[Result "1-0"]
[WhiteTitle "GM"]
[BlackTitle "IM"]
[WhiteElo "2619"]
[BlackElo "2417"]
[WhiteFideId "14107090"]
[BlackFideId "16301188"]
[EventDate "2025.12.29"]

1. e4 c5 2. Nf3 Nc6 3. Bb5 d5 4. exd5 Qxd5 5. O-O Bg4 6. Nc3 Qf5 7. Be2 Nf6 8.
h3 h5 9. d4 e6 10. Nh4 Bxe2 11. Qxe2 Nxd4 12. Nxf5 Nxe2+ 13. Nxe2 exf5 14. Ng3
g6 15. Bg5 Bg7 16. Rfe1+ Kf8 17. Rad1 Re8 18. Rxe8+ Kxe8 19. Ne2 Nd7 20. Nf4 Bf6
21. Rxd7 Bxg5 22. Rc7 Kf8 23. Nd3 b6 24. Ne5 Ke8 25. Nxf7 Rh7 26. Nd6+ Kf8 27.
Rxh7 1-0

[Event "World Blitz 2025"]
[Site "Doha QAT"]
[Date "2025.12.29"]
[Round "4.99"]
[White "Grebnev, Aleksey"]
[Black "Ezat, Mohamed"]
[Result "1-0"]
[WhiteTitle "GM"]
[BlackTitle "IM"]
[WhiteElo "2632"]
[BlackElo "2294"]
[WhiteFideId "34189030"]
[BlackFideId "10600906"]
[EventDate "2025.12.29"]

1. Nf3 Nf6 2. b3 g6 3. Bb2 Bg7 4. c4 O-O 5. g3 d6 6. d4 e5 7. dxe5 Nfd7 8. Bg2
Nc6 9. O-O dxe5 10. Qc1 Nc5 11. Rd1 Qe7 12. Nc3 Nd4 13. Nxd4 exd4 14. Nd5 Qxe2
15. Bxd4 Bxd4 16. Rxd4 Qe5 17. Rd1 c6 18. Re1 Qg7 19. Nf4 Bf5 20. Qe3 Ne6 21.
Nxe6 Bxe6 22. Rad1 a5 23. Qb6 Rfb8 24. h4 h5 25. Rd4 a4 26. Kh2 axb3 27. axb3
Ra6 28. Qc5 Ra5 29. Qd6 Rba8 30. Rf4 Rf5 31. Rxf5 Bxf5 32. Qc7 Qc3 33. Re3 Qd2
34. Qxb7 Rf8 35. Rf3 Bg4 36. Rf4 Qd6 37. Qxc6 Qb4 38. Bd5 Kg7 39. Qf6+ Kh7 40.
Bxf7 Bf5 41. Bxg6+ Kh6 42. Qg5+ 1-0

[Event "World Blitz 2025"]
[Site "Doha QAT"]
[Date "2025.12.29"]
[Round "4.100"]
[White "Suyarov, Mukhammadzokhid"]
[Black "Aziz, Husain"]
[Result "1-0"]
[WhiteTitle "IM"]
[BlackTitle "IM"]
[WhiteElo "2454"]
[BlackElo "2256"]
[WhiteFideId "14210495"]
[BlackFideId "12100293"]
[EventDate "2025.12.29"]

1. d4 d5 2. Nc3 Nf6 3. Bf4 c5 4. e4 Nxe4 5. Nxe4 dxe4 6. dxc5 Qa5+ 7. c3 Qxc5 8.
Qa4+ Nc6 9. Qxe4 g6 10. Nf3 Bg7 11. Qe3 Qa5 12. Bc4 O-O 13. O-O Bg4 14. h3 Bxf3
15. Qxf3 Ne5 16. Qe2 Nxc4 17. Qxc4 e6 18. Rad1 Rfd8 19. Bc7 Qg5 20. Bxd8 Rxd8
21. Qc7 Rf8 22. Qxb7 a5 23. a4 h5 24. Qf3 Be5 25. Rd7 Bb8 26. Rfd1 Qe5 27. Kf1
Kg7 28. Rb7 Bd6 29. g3 h4 30. Rb5 Bc5 31. b4 1-0

[Event "World Blitz 2025"]
[Site "Doha QAT"]
[Date "2025.12.29"]
[Round "4.101"]
[White "Grafl, Florian"]
[Black "Erdogmus, Yagiz Kaan"]
[Result "0-1"]
[WhiteTitle "IM"]
[BlackTitle "GM"]
[WhiteElo "2343"]
[BlackElo "2658"]
[WhiteFideId "4645715"]
[BlackFideId "44599790"]
[EventDate "2025.12.29"]

1. Nc3 d5 2. d4 Nf6 3. e4 dxe4 4. f3 exf3 5. Nxf3 Bg4 6. h3 Bxf3 7. Qxf3 c6 8.
g4 e6 9. Qf2 Bb4 10. a3 Bxc3+ 11. bxc3 Ne4 12. Qf3 Qh4+ 13. Ke2 Ng3+ 14. Kd1
Nxh1 15. Qxh1 Qg3 16. Bd3 Nd7 17. Rb1 Nb6 18. c4 O-O-O 19. Bb2 h5 20. g5 Qxg5
21. Bc3 Na4 22. Bd2 Qf6 23. c3 e5 24. Kc2 exd4 25. Rf1 Qe7 26. Bf4 g6 27. h4
Qxa3 28. Qh3+ Rd7 29. Be5 Qxc3+ 30. Kd1 Nb2+ 31. Ke2 Re8 32. Rxf7 Qxd3+ 0-1

[Event "World Blitz 2025"]
[Site "Doha QAT"]
[Date "2025.12.29"]
[Round "4.102"]
[White "Wafa, Hamed"]
[Black "Gavrilescu, David"]
[Result "1-0"]
[WhiteTitle "IM"]
[BlackTitle "GM"]
[WhiteElo "2373"]
[BlackElo "2542"]
[WhiteFideId "10628452"]
[BlackFideId "1227190"]
[EventDate "2025.12.29"]

1. e4 c5 2. Nf3 a6 3. c3 e6 4. d4 d5 5. e5 Bd7 6. Bd3 Nc6 7. O-O Rc8 8. a3 Qb6
9. dxc5 Bxc5 10. b4 Bf8 11. Nbd2 Nge7 12. Nb3 Ng6 13. Re1 Qc7 14. Qe2 Be7 15.
Bd2 O-O 16. h4 f6 17. exf6 Bxf6 18. Nc5 Nge5 19. Bf4 Nxf3+ 20. Qxf3 Qd8 21. Nxb7
Qe8 22. Nd6 Qd8 23. Nxc8 Bxc8 24. Qe3 Bxh4 25. Rad1 Bf6 26. Qc5 Bd7 27. Bd6 Rf7
28. Bxa6 Ne7 29. Bd3 Nc8 30. Bc7 Qe8 31. Bg3 Ba4 32. Rd2 Re7 33. Rde2 Kh8 34. b5
e5 35. Bxe5 Bb3 36. Bxf6 1-0

[Event "World Blitz 2025"]
[Site "Doha QAT"]
[Date "2025.12.29"]
[Round "4.103"]
[White "Meng, Yihan"]
[Black "Hong, Andrew"]
[Result "1-0"]
[WhiteTitle "IM"]
[BlackTitle "GM"]
[WhiteElo "2456"]
[BlackElo "2568"]
[WhiteFideId "8631891"]
[BlackFideId "2099438"]
[EventDate "2025.12.29"]

1. e4 e5 2. Nf3 Nc6 3. Nc3 Nf6 4. d4 Bb4 5. Nxe5 Qe7 6. Nxc6 Qxe4+ 7. Qe2 dxc6
8. Bd2 Qxe2+ 9. Bxe2 Bf5 10. O-O-O O-O-O 11. a3 Be7 12. Bf4 Rhe8 13. Rhe1 h6 14.
Bc4 Bg6 15. d5 Bd6 16. Bxd6 Rxe1 17. Rxe1 cxd6 18. f3 Kd7 19. Kd2 Rc8 20. dxc6+
bxc6 21. b3 d5 22. Ba6 Rb8 23. Na4 Kd6 24. b4 Nd7 25. c4 Bf5 26. c5+ Kc7 27. Nc3
Be6 28. Ne2 Re8 29. Nd4 Nf8 30. Kc3 Bd7 31. Rxe8 Bxe8 32. Nf5 Ne6 33. Nd6 Kd8
34. Bb7 Bd7 35. Nxf7+ Kc7 36. Ba6 Nf4 37. Bf1 Bf5 38. Ne5 Ne6 39. g4 Bh7 40. Bd3
Bg8 41. Bf5 Nf4 42. Nd3 Ne2+ 43. Kd2 Nd4 44. f4 Bf7 45. Ne5 Be8 46. Kd3 Nb3 47.
Kc3 Nc1 48. Bd3 Bd7 49. Bf1 Be6 50. Kb2 g5 51. f5 Bg8 52. Kxc1 d4 53. Kd2 Bd5
54. Kd3 Kd8 55. Kxd4 Ke7 56. Bc4 Bg2 57. Bd3 Bd5 58. Be4 Bb3 59. Nxc6+ Kf6 60.
Nxa7 Ba4 61. b5 1-0

[Event "World Blitz 2025"]
[Site "Doha QAT"]
[Date "2025.12.29"]
[Round "4.104"]
[White "Abdilkhair, Abilmansur"]
[Black "Samunenkov, Ihor"]
[Result "1/2-1/2"]
[WhiteTitle "IM"]
[BlackTitle "GM"]
[WhiteElo "2378"]
[BlackElo "2584"]
[WhiteFideId "13716417"]
[BlackFideId "14187086"]
[EventDate "2025.12.29"]

1. e4 e5 2. Nf3 Nc6 3. d4 exd4 4. Nxd4 Bc5 5. Nb3 Bb6 6. Nc3 Qf6 7. Qe2 Nge7 8.
Be3 d6 9. O-O-O Bd7 10. f4 Bg4 11. Qxg4 Bxe3+ 12. Kb1 Bxf4 13. Bb5 Qg5 14. Qe2
Be5 15. h4 Qg6 16. Nd5 O-O 17. Bxc6 Nxc6 18. Nxc7 Rac8 19. Nd5 Rfe8 20. g4 a5
21. a4 Nb4 22. Nxb4 axb4 23. Qb5 Qxe4 24. Rc1 Qxg4 25. h5 h6 26. Qxb7 Qc4 27.
Qf3 Re7 28. Rhg1 d5 29. Rg4 Qc6 30. a5 Kh8 31. Rxb4 Rb8 32. Rxb8+ Bxb8 33. Rd1
Rd7 34. Nd4 Qa4 35. Qf5 Rc7 36. Nb3 Qc4 37. Rxd5 Rc8 38. Rd2 Bg3 39. Rg2 Bh4 40.
Rg4 Qc7 41. Rxh4 Re8 42. Rh1 Re2 43. Rc1 Re5 44. Qf3 Qc4 45. Qd3 Qa4 46. Qc3
Rxh5 47. Rg1 Rg5 48. Rxg5 hxg5 49. Qh3+ Kg8 50. Qc8+ Kh7 51. a6 g4 52. Qf5+ Kh6
53. Nc5 Qa5 54. Qf4+ g5 55. Qf6+ Kh5 56. Qh8+ Kg6 57. Qg8+ Kf6 58. Ne4+ Ke6 59.
Nxg5+ Kf5 60. Nxf7 Qe1+ 61. Ka2 Qa5+ 62. Kb3 Qb5+ 63. Kc3 Qc5+ 64. Kd2 Qd4+ 65.
Kc1 Qg1+ 66. Kd2 Qd4+ 67. Ke2 Qe4+ 68. Kd1 Qd4+ 69. Kc1 Qg1+ 70. Kd2 Qd4+ 1/2-1/2

[Event "World Blitz 2025"]
[Site "Doha QAT"]
[Date "2025.12.29"]
[Round "4.105"]
[White "Ganguly, Surya Shekhar"]
[Black "Nurgaliyev, Sauat"]
[Result "0-1"]
[WhiteTitle "GM"]
[BlackTitle "IM"]
[WhiteElo "2568"]
[BlackElo "2437"]
[WhiteFideId "5002150"]
[BlackFideId "13726285"]
[EventDate "2025.12.29"]

1. Nf3 c5 2. e4 d6 3. d4 cxd4 4. Nxd4 Nf6 5. Nc3 a6 6. f3 e5 7. Nb3 Be6 8. Be3
h5 9. Be2 Be7 10. Nd5 Nxd5 11. exd5 Bf5 12. O-O Nd7 13. Qd2 a5 14. a4 O-O 15.
Bb5 Nf6 16. Rad1 h4 17. h3 Nh5 18. Qf2 Nf4 19. Bxf4 exf4 20. Rfe1 Bf6 21. c3 Be5
22. Nd2 Rc8 23. Nc4 Bf6 24. Qd2 g5 25. Re2 Rc5 26. Kh2 Qc7 27. b3 Bd7 28. Bxd7
Qxd7 29. Qd3 Kg7 30. Rde1 b5 31. axb5 Qxb5 32. Qc2 Rxd5 33. Rd1 a4 34. Nxd6 axb3
35. Qb1 Rxd6 36. Rxd6 Qxe2 37. Qxb3 Qe5 38. Rd7 Qxc3 39. Qd5 Qe5 40. Qc4 Qf5 41.
Rc7 Kg8 42. Qc6 Qe6 43. Qc2 Re8 44. Rc6 Qe5 45. Qb3 Bg7 46. Rb6 Qf5 47. Rb7 Qe6
48. Qa4 Rd8 49. Qa5 Rd7 50. Rb8+ Kh7 51. Qb5 Rd5 52. Qb1+ Qg6 53. Qb3 Rd2 54.
Qb4 Qc2 55. Kh1 Rxg2 56. Rh8+ Bxh8 0-1

[Event "World Blitz 2025"]
[Site "Doha QAT"]
[Date "2025.12.29"]
[Round "4.106"]
[White "Halkias, Stelios"]
[Black "Suleymenov, Alisher"]
[Result "1-0"]
[WhiteTitle "GM"]
[BlackTitle "GM"]
[WhiteElo "2503"]
[BlackElo "2505"]
[WhiteFideId "4201809"]
[BlackFideId "13707833"]
[EventDate "2025.12.29"]

1. Nf3 d5 2. d4 e6 3. c4 a6 4. g3 dxc4 5. Bg2 Nc6 6. O-O Rb8 7. Qc2 b5 8. b3 Nb4
9. Qd1 cxb3 10. Qxb3 Bb7 11. Nc3 Nf6 12. Bg5 Be7 13. Bxf6 gxf6 14. Rfd1 Nd5 15.
Ne4 f5 16. Nc5 Bxc5 17. dxc5 O-O 18. Rac1 c6 19. Ne5 Qe7 20. e4 fxe4 21. Bxe4 f6
22. Nf3 Rbd8 23. Re1 Qf7 24. Nd4 Rfe8 25. Qf3 Kh8 26. Nb3 Bc8 27. Na5 Qc7 28.
Bxd5 cxd5 29. Qxf6+ Qg7 30. Qxg7+ Kxg7 31. Nc6 Rd7 32. Ne5 Rc7 33. f4 a5 34. c6
Ba6 35. Rc5 Rd8 36. a4 bxa4 37. Rxa5 Bc4 38. Rxa4 Bb5 39. Ra5 Bc4 40. Rea1 Kf6
41. Ra7 Rdc8 42. Rb7 Kf5 43. Kf2 Ke4 44. Raa7 Rxc6 45. Nxc6 Rxc6 46. Ra1 d4 47.
Re1+ Kd3 48. Rd1+ Kc3 49. Rc1+ Kd2 50. Rbb1 d3 51. Rd1+ Kc3 52. Rbc1+ Kd4 53.
Rd2 h5 54. Re1 Rb6 55. Re5 Rb1 56. Re1 Rb5 57. Rc1 Bd5 58. Ra1 Kc3 59. Ke3 Bc4
60. Rc1+ Kb3 61. Rb1+ Kc3 62. Rc1+ Kb3 63. Rxd3+ Bxd3 64. Kxd3 Rd5+ 65. Ke3 Rd6
66. Rc5 h4 67. g4 Kb4 68. Rh5 Kc4 69. Rxh4 Rd1 70. Rh6 Kd5 71. Rh5+ Kd6 72. h3
Ke7 73. g5 Kf7 74. Rh6 Rg1 75. Kf3 Rf1+ 76. Kg3 Rg1+ 77. Kf2 Rc1 78. Rf6+ Ke7
79. h4 Rh1 80. Kg3 Rg1+ 81. Kh3 Rh1+ 82. Kg4 Rg1+ 83. Kh5 Rh1 84. Rh6 Rf1 85.
Rf6 Rh1 86. f5 exf5 87. Rxf5 Rh2 88. Rf4 1-0

[Event "World Blitz 2025"]
[Site "Doha QAT"]
[Date "2025.12.29"]
[Round "4.107"]
[White "Kobalia, Mikhail"]
[Black "Tissir, Mohamed"]
[Result "1-0"]
[WhiteTitle "GM"]
[BlackTitle "IM"]
[WhiteElo "2537"]
[BlackElo "2293"]
[WhiteFideId "4119150"]
[BlackFideId "9000240"]
[EventDate "2025.12.29"]

1. e4 c5 2. Nf3 d6 3. Bb5+ Nd7 4. Ba4 Nf6 5. O-O e6 6. d3 Be7 7. c4 O-O 8. Nc3
a6 9. Qe2 Qc7 10. Nd2 b6 11. f4 Bb7 12. Nf3 Rad8 13. Bd2 Nb8 14. Rae1 Nc6 15. f5
Nd4 16. Nxd4 cxd4 17. Nd1 Bc6 18. Bxc6 Qxc6 19. b3 exf5 20. Rxf5 Rfe8 21. Nf2
Nd7 22. Ng4 Bf8 23. Qf2 f6 24. Qxd4 Ne5 25. Ne3 Qc5 26. Qd5+ Qxd5 27. Nxd5 Nxd3
28. Re2 Nc5 29. Nxb6 Rxe4 30. Rxe4 Nxe4 31. Bb4 g6 32. Ra5 Bh6 1-0

[Event "World Blitz 2025"]
[Site "Doha QAT"]
[Date "2025.12.29"]
[Round "4.108"]
[White "Fandi, Mazen"]
[Black "Gaehwiler, Gabriel"]
[Result "1/2-1/2"]
[WhiteTitle "FM"]
[BlackTitle "IM"]
[WhiteElo "2304"]
[BlackElo "2382"]
[WhiteFideId "7611625"]
[BlackFideId "1314530"]
[EventDate "2025.12.29"]

1. e4 c5 2. Nf3 g6 3. d4 cxd4 4. Nxd4 Bg7 5. c4 Nc6 6. Be3 Qb6 7. Nb5 Qa5+ 8.
N5c3 Nh6 9. Be2 f5 10. Nd2 fxe4 11. Ndxe4 Nf5 12. Bd2 Qd8 13. O-O O-O 14. Rc1 d6
15. c5 d5 16. Nxd5 Bxb2 17. Rc2 Bg7 18. Bc4 Kh8 19. Bc3 Nfd4 20. Rd2 e5 21. f4
Be6 22. Nd6 b6 23. Ne3 bxc5 24. Ne4 Bxc4 25. Nxc4 Qd5 26. Ncd6 exf4 27. Re1 Rad8
28. Nb7 Rde8 29. Nbxc5 f3 30. gxf3 Qxc5 31. Nxc5 Rxe1+ 32. Qxe1 Nxf3+ 33. Kh1
Nxe1 34. Bxg7+ Kxg7 35. Ne6+ Kf7 36. Nxf8 Kxf8 37. Rd6 Nb4 38. Rd7 Nxa2 39. Rxa7
Nc3 40. Rxh7 Nd5 41. Ra7 Ne7 42. Kg1 Nf3+ 43. Kg2 Ne5 44. Ra6 Kf7 45. h4 Nf5 46.
Kf2 Nc4 47. Rc6 Ncd6 48. Ra6 Kg7 49. Kg2 Kh6 50. Kf3 Kh5 51. Kf4 Kxh4 52. Ra1
g5+ 53. Ke5 g4 54. Rh1+ Kg5 55. Rg1 Nc4+ 56. Ke6 Nce3 57. Rxg4+ 1/2-1/2